The prospects for open regionalism in Latin America /

Uloženo v:
Podrobná bibliografie
Hlavní autor: Fuentes, Juan Alberto
Médium: Text
Tagy: Přidat tag
Žádné tagy, Buďte první, kdo vytvoří štítek k tomuto záznamu!

MARC

LEADER 00000 a a2200000 04500
001 40251
003
040
100 |a Fuentes, Juan Alberto  
245 |a The prospects for open regionalism in Latin America /  |c Juan Alberto Fuentes  
773 |g páginas 43-57  
999 |c 30868  |d 30868